00787 2200229 4500001002100000005001500021035002000036007000300056008004100059020002200100082000800122084001400130100002200144245022000166250001000386260003900396300003000435700001800465520003000483520001100513600003300524INLIS00000000000325820190605092346 a0010-0619000007ta190605 g 0 ind  a978-979-25-4839-6 a503 a503 NUR p0 aNURANI, Soyomukti1 aPengantar Filsafat Umum :bDari Pendekatan Historis, Pemetaan Cabang-Cabang Filsafat, Pertarungan Pemikiran, Memahami Filsafat Cinta, hingga Panduan Berpikir Kritis-Filosofi /cNurani Soyomukti; editor, Meita Sandra acet.2 aYogyakarta :bAr-Ruzz Media,c2017 a450 hlm. :bilus ;c21 cm0 aMEITA, Sandra aBibliografi: hlm. 437-444 aindeks 4aFILSAFAT. PENGANTAR FILSAFAT